00718nam a2200181 a 4500003000200000005001700002008004100019050002900060100002500089245008400114260009000198300004000288504004100328650003900369650004700408650003700455650004400492020250206130007.0130817s19uu xx 00 eng d aPHS LC 225.3b.H546 2013 aHerico, Karen Gil M. aParental involvement and student's academic performance /cKaren Gil M. Herico. aLas Piñas City, Philippines :bSouthville International School and Colleges,c2013. a28 pages :billustrations ;c28 cm. aIncludes bibliographical references. aParental involvement in education. aAcademic achievementvParental influences. aEducationvParent participation. aEducational attainmentvSocial aspects.